MARC

LEADER 00000nam0a2200000 4500
001 262435
005 20231101233643.0
010 |a 5060012654 
035 |a (RuTPU)RU\TPU\book\285418 
090 |a 262435 
100 |a 20140602d1988 m y0rusy50 ca 
101 0 |a rus 
102 |a RU 
105 |a y j 001zy 
200 1 |a Анализ хозяйственной деятельности предприятий химической промышленности  |e учебник для техникумов  |f А. Д. Трусов 
205 |a 3-е изд., перераб. и доп. 
210 |a Москва  |c Высшая школа  |d 1988 
215 |a 231 с. 
225 1 |a Учебник для техникумов 
606 1 |a Химическая промышленность,предприятия  |x Анализ хозяйственной деятельности  |2 stltpush  |3 (RuTPU)RU\TPU\subj\30902  |9 53915 
610 1 |a химические предприятия 
610 1 |a производственно-хозяйственная деятельность 
610 1 |a экономический анализ 
610 1 |a продукция 
610 1 |a качество 
610 1 |a производство 
610 1 |a реализация 
610 1 |a трудовые показатели 
610 1 |a основные фонды 
610 1 |a материально-техническое снабжение 
610 1 |a учебники 
675 |a 66:658(075.32)  |v 3 
700 1 |a Трусов  |b А. Д.  |g Алексей Дмитриевич 
801 1 |a RU  |b 63413507  |c 20140602 
801 2 |a RU  |b 63413507  |c 20150507  |g RCR 
942 |c BK